000 00292nam a22001217a 4500
008 180605b xxu||||| |||| 00| 0 eng d
041 _aeng
080 _a043.3
100 _a0
101 _aSHKI-MA
245 _aIPTV Sherbimi ne Infrastrukturen e Kosoves
_cHaxhikadrija, M
942 _2udc
_cBK
999 _c46350
_d46350